00687nam a2200253 a 4500001001300000003000900013005001700022008004100039020000800080082001900088100002200107245001900129260003200148300000900180500003500189505001000224650001600234650001800250700002200268902000800290942000700298952011500305999001300420nice12345678IN_TiNIC20260116011354.0050524s1944 dela grp 000 0 urd  ac300a891.4391bAHM2 aAhmaq, Phaphondwi aNaqsh-E-Hikmat aDelhibMaktaba Burhanc1944 a320p aincludes index and biblioraphy2 aIndex aUrdu-Poetry aPoetry-Satire1 aAhmaq, Phaphondwi bSRS cBK 001040708StackRoom-aHMIbHMId2007-06-22g3.00l0o891.4391 AHM2p03732r2007-06-22v3.00w2005-05-24yBK c940d940